|
|
|
|
| LEADER |
00642nab a2200181 i 4500 |
| 001 |
tisza23591 |
| 005 |
20200330114527.0 |
| 008 |
161208s1949 hu o 0|| hun d |
| 022 |
|
|
|a 0133-1167
|
| 040 |
|
|
|a SZTE Tiszatáj Archívum
|b hun
|
| 041 |
|
|
|a hun
|
| 100 |
1 |
|
|a Horvát István
|
| 245 |
1 |
0 |
|a Szemtanú
|h [elektronikus dokumentum] :
|b tizenhárom író körülnéz az országban : [könyvismertetés] /
|c Horvát István
|
| 260 |
|
|
|c 1949
|
| 300 |
|
|
|a 162
|
| 490 |
0 |
|
|a Tiszatáj
|v 3 No. 2
|
| 695 |
|
|
|a Társadalmi élet - esszé - könyvismertetés
|
| 856 |
4 |
0 |
|u http://tiszataj.bibl.u-szeged.hu/23591/1/tiszataj_1949_003_162.pdf
|z Dokumentum-elérés
|